Revelation revealed : (Record no. 2074)

MARC details
000 -LEADER
fixed length control field 00940cam a2200265 a 4500
001 - CONTROL NUMBER
control field 1665283
003 - CONTROL NUMBER IDENTIFIER
control field GBCCL
005 - DATE AND TIME OF LATEST TRANSACTION
control field 20241126110416.0
008 - FIXED-LENGTH DATA ELEMENTS--GENERAL INFORMATION
fixed length control field 971106s1982 txu b 000 0 eng
010 ## -
-- 97212774
020 ## - INTERNATIONAL STANDARD BOOK NUMBER
International Standard Book Number 084993964X
040 ## - CATALOGING SOURCE
Original cataloging agency DLC
Transcribing agency DLC
Modifying agency DLC
050 00 -
-- BS2825.3
-- .V36 1982
082 00 - DEWEY DECIMAL CLASSIFICATION NUMBER
Classification number 228.077
Edition information 21
Item number IMP
100 1# - MAIN ENTRY--PERSONAL NAME
Personal name Van Impe, Jack.
9 (RLIN) 2010
245 10 - TITLE STATEMENT
Title Revelation revealed :
Remainder of title a verse-by-verse study /
Statement of responsibility, etc. by Jack Van Impe.
260 ## - PUBLICATION, DISTRIBUTION, ETC.
Place of publication, distribution, etc. Dallas :
Name of publisher, distributor, etc. Word Pub.,
Date of publication, distribution, etc. c1982
Date of manufacture (1996 printing)
300 ## - PHYSICAL DESCRIPTION
Extent 272 p. ;
Dimensions 23 cm.
504 ## - BIBLIOGRAPHY, ETC. NOTE
Bibliography, etc. note Includes bibliographical references (p. 267-268).
630 00 - SUBJECT ADDED ENTRY--UNIFORM TITLE
Uniform title Bible.
Name of part/section of a work Revelation
General subdivision Commentaries.
9 (RLIN) 2925
856 42 - ELECTRONIC LOCATION AND ACCESS
Materials specified Publisher description
Uniform Resource Identifier <a href="http://www.loc.gov/catdir/enhancements/fy0609/97212774-d.html">http://www.loc.gov/catdir/enhancements/fy0609/97212774-d.html</a>
906 ## - LOCAL DATA ELEMENT F, LDF (RLIN)
a 7
b cbc
c orignew
d 3
e ncip
f 19
g y-gencatlg
942 ## - ADDED ENTRY ELEMENTS (KOHA)
Source of classification or shelving scheme Dewey Decimal Classification
Koha item type Books
Koha issues (borrowed), all copies 9
Holdings
Withdrawn status Lost status Source of classification or shelving scheme Damaged status Not for loan Home library Current Library Shelving location Date acquired Total checkouts Full call number Barcode Date last seen Date last checked out Copy number Price effective from Koha item type
    Dewey Decimal Classification     GRACE BIBLE COLLEGE GRACE BIBLE COLLEGE Biblical Studies 2017-06-29 10 228.077 IMP 008720 2025-05-01 2025-01-29 c.1 2017-06-29 Books
© Grace Bible College Library 2025